000 00294nam a22001337a 4500
008 170609b xxu||||| |||| 00| 0 eng d
020 _a9781565490574
041 _aeng
080 _23RD
_a94
100 _a18
101 _aSHH
245 _aMULTI-TRACK DIPLOMACY
_cDIAMOND,L
942 _2udc
_cBK
999 _c16782
_d16782